000 00806nam2a22002531 4500
001 RU\NLR\INFOCOMM55\5000159991
005 20250617120357.0
035 _a(NLR Aleph) 002588562
090 _a3340244
_c3340244
100 _a20041020d1977 |||y0rusy50 ca
101 0 _arus
_aeng
102 _aRU
105 _ay ||||000|y
200 1 _aOn the conformal transformations in the massless thirring model
_fL.K. Chadžiivanov a.o.
210 _d1977
_aБ. м.
461 0 _1001RU\NLR\INFOCOMM15\1000176112
_12001#$aИздания$fОбъедин. ин-т ядерных исследований$vE2-11005
700 1 _aChadžiivanov
_bL.K.
_4070
801 1 _aRU
_bInfoComm
_c20050113
801 0 _aRU
_bNLR
_gPSBO
852 _aNLR
_jП11/2061
942 _cISSUE
980 _aNB
980 _aRUSPER